Catálogo

IN SPIRITO E VERITA (Registro nro. 46747)

Detalles MARC
000 -LEADER
fixed length control field 00913nam a2200193 a 4500
001 - CONTROL NUMBER
control field 46747
005 - DATE AND TIME OF LATEST TRANSACTION
control field 20180714030435.0
008 - FIXED-LENGTH DATA ELEMENTS--GENERAL INFORMATION
fixed length control field 140415s1993 it 000 0 ita d
041 ## - LANGUAGE CODE
Language code of text/sound track or separate title ita
082 ## - DEWEY DECIMAL CLASSIFICATION NUMBER
Classification number 195
Item number OPE
100 1# - MAIN ENTRY--PERSONAL NAME
Personal name SCIACCA, MICHELE FEDERICO
245 10 - TITLE STATEMENT
Title IN SPIRITO E VERITA
250 ## - EDITION STATEMENT
Edition statement 1a ed.
260 ## - PUBLICATION, DISTRIBUTION, ETC.
Place of publication, distribution, etc. ITALIA :
Name of publisher, distributor, etc. LEPOS,
Date of publication, distribution, etc. 1993
300 ## - PHYSICAL DESCRIPTION
Extent
Dimensions 14.5 x 3 x 22.6
490 ## - SERIES STATEMENT
Series statement OPERE DI MICHELE FEDERICO SCIACCA
520 ## - SUMMARY, ETC.
Summary, etc. RACCOLGO IN QUESTO VOLUME, RIVISTI NELLA FORMA RAGGRUPPATI E DISPOSTI SECONDO UNA LINEA IDEALE DI PENSIERO, I <<CORSIVI>> PUBBLICATI DAL 1946 AL 1951 NELLA RIVISTA HUMANITAS CON I DUE PSEUDONIMI DI <<GORIANO DI GONA>> E <<APRICUS>>, ASSIEME AD ALTRI EDITI SEMPRE CON PSEUDONIMI IN LOGOS(1940-1943) E NELLA STESSA HUMANITAS; OLTRE AD OTTO SCRITTI CHE HANNO VISTO LA LUCE CON IL MIO NOME IN CIRCONSTANZE VARIE.
650 14 - SUBJECT ADDED ENTRY--TOPICAL TERM
Topical term or geographic name entry element FILOSOFIA MODERNA
General subdivision ITALIA
Existencias
Withdrawn status Lost status Source of classification or shelving scheme Damaged status Not for loan Collection code Home library Current library Shelving location Date acquired Source of acquisition Inventory number Total Checkouts Full call number Barcode Date last seen Price effective from Koha item type
    Dewey Decimal Classification     General Biblioteca Karol Wojtyla Biblioteca Karol Wojtyla Sala general 03/12/2013 Compra 151000000000000000062453   195 OPE 70110 05/01/2026 03/12/2013 Libro